Kultur- was, wozu, für wen? /

Hlavní autor: Koch, Hans, 1927-1986
Jazyk: Němčina
Vydáno: Berlin : Dietz, 1979
Edice: ABC des Marxismus-Leninismus
Fyzický popis: 63 s.
Knihy
Uloženo v:
LEADER 00667nam a22002292a 4500
001 000905400
003 CZ BrMZK
005 20080716214709.0
007 ta
008 080716s1979 gw er|||||||||||ger d
040 |a BOA001  |b cze 
080 9 |a 008 
100 1 |a Koch, Hans,  |d 1927-1986  |7 jx20050510010  |4 aut 
245 1 0 |a Kultur- was, wozu, für wen? /  |c Hans Koch 
260 |a Berlin :  |b Dietz,  |c 1979 
300 |a 63 s. 
490 1 |a ABC des Marxismus-Leninismus 
830 0 |a ABC des Marxismus-Leninismus 
910 |a BOA001  |b 1-0813.389 
990 |a BK 
991 |b 200807 
996 7 |b 2619559832  |c 1-0813.389  |l MZK  |r Sklad / do 1 hodiny  |n 0  |w 000905400  |u 000010  |a 1  |e BOA001  |j MZK50  |s A